[Event "BUL-ch"]
[Site "BUL"]
[Date "1988.??.??"]
[Round "?"]
[White "Donchev, Dimitar I"]
[Black "Radulov, Ivan"]
[Result "1/2-1/2"]
[WhiteElo "2470"]
[BlackElo "2435"]

1.Nf3 d5 2.c4 c6 3.e3 Nf6 4.d4 e6 5.Nc3 Bd6 6.Bd3 O-O 7.O-O Nbd7 8.e4 dxe4
9.Nxe4 Nxe4 10.Bxe4 c5 11.Bc2 Qc7 12.Qd3 g6 13.Bh6 Re8 14.Rad1 Bf8 15.Bxf8 Rxf8
16.Ng5 cxd4 17.Qxd4 h6 18.Ne4 Qe5 19.Nd6 Qxd4 20.Rxd4 Nf6 21.c5 Bd7 22.b4 Bc6
23.b5 Bd5 24.Bb3 b6 25.Bxd5 Nxd5 26.c6 a6 27.Rc1 Nc7 28.Nb7 axb5 29.Rd7 Na6
30.c7 Nc5 31.Rd8 Rc8 32.Nxc5 bxc5 33.Rd7 c4 34.Rb1 Ra8 35.h4 Rfc8 36.Rxb5 Kf8
37.Rc5 Ke8 38.Rd2 Ra7 39.Rxc4 Raxc7 40.Rxc7 Rxc7 41.Kf1 Rc1+ 42.Ke2 Ra1 43.Ke3 Ke7
44.g3 g5 45.hxg5 hxg5 46.Kd4 Kd6 47.Ke4+ Ke7 48.Kd4 Kd6  1/2-1/2

[Event "Bytom"]
[Site "Bytom"]
[Date "1988.??.??"]
[Round "1"]
[White "Bany, Jerzy"]
[Black "Michenka, Jozef"]
[Result "1-0"]
[WhiteElo "2450"]
[BlackElo "2310"]

1.d4 Nf6 2.Nf3 d5 3.c4 c6 4.e3 e6 5.Nc3 Nbd7 6.Qc2 Bd6 7.Be2 dxc4 8.Bxc4 O-O
9.O-O Qe7 10.a3 e5 11.Ba2 h6 12.Nh4 Nb6 13.Ng6 Qc7 14.Nxf8 exd4 15.Ne4 Bxh2+
16.Kh1 Nxe4 17.Qxe4 Kxf8 18.g3 Bh3 19.Bd2 Re8 20.Qf3 Re5 21.e4 Qd7 22.Kxh2 Bg4
23.Qf4 Rh5+ 24.Kg1 Be2 25.Rfe1 d3 26.Rxe2 dxe2 27.Re1 f6 28.Rxe2 Qh3 29.Qd6+  1-0

[Event "Bytom"]
[Site "Bytom"]
[Date "1988.??.??"]
[Round "4"]
[White "Bany, Jerzy"]
[Black "Szabolcsi, Janos"]
[Result "1-0"]
[WhiteElo "2450"]
[BlackElo "2415"]

1.d4 d5 2.c4 c6 3.Nc3 Nf6 4.e3 e6 5.Nf3 Nbd7 6.Bd3 dxc4 7.Bxc4 b5 8.Bd3 a6
9.e4 c5 10.e5 cxd4 11.Nxb5 Ng4 12.Nd6+ Bxd6 13.exd6 Nc5 14.Be2 e5 15.O-O Qxd6
16.Ng5 Nf6 17.b4 Ne6 18.Nxe6 Bxe6 19.b5 axb5 20.Bxb5+ Bd7 21.a4 Bxb5 22.Ba3 Qd5
23.axb5 Ne4 24.Qg4 g6 25.Bb4 h5 26.Rxa8+ Qxa8 27.Qe2 Qd5 28.b6 Nd6 29.f4 Kd7
30.Bxd6 Kxd6 31.fxe5+ Qxe5 32.Qc4 f5 33.Rc1 Kd7 34.Qf7+ Kd8 35.Ra1  1-0

[Event "Caorle op"]
[Site "Caorle"]
[Date "1988.??.??"]
[Round "1"]
[White "Berkmortel, T."]
[Black "Karaklajic, Nikola"]
[Result "1/2-1/2"]
[WhiteElo "2200"]
[BlackElo "2405"]

1.d4 Nf6 2.c4 e6 3.Nc3 d5 4.Nf3 c6 5.e3 Nbd7 6.Bd3 a6 7.c5 e5 8.dxe5 Ng4
9.e6 fxe6 10.Qc2 Ngf6 11.b4 a5 12.Qa4 e5 13.Be2 axb4 14.Qxa8 bxc3 15.Ba3 Ne4
16.Rc1 Be7 17.Bb4 O-O 18.Bxc3 Bxc5 19.O-O Nxc3 20.Rxc3 Qf6 21.Qa4 h6 22.Qc2 Bb4
23.Rb3 Bd6 24.Rc3 e4 25.Ne1 Ne5 26.f3 exf3 27.Bxf3 Bf5 28.Qc1 Qe7 29.Be2 Nd7
30.Nf3 Be4 31.Nd4 Qe5 32.Rxf8+ Nxf8 33.g3 Ne6 34.Nxe6 Qxe6 35.Bd3 Bf3 36.Rc2 Qe7
37.Rf2 Ba3 38.Qd2 Bb4 39.Qc1 Bh5 40.Be2 Bg6 41.Bf3 Bc5 42.Re2 h5 43.Kg2 h4
44.e4 d4 45.gxh4 Bf7 46.Qg5 d3 47.Qxe7 Bxe7 48.Rd2 Bc4 49.e5 Kf7 50.Rb2 Ba6
51.Kf2 Ke6 52.Ke1 Kxe5 53.Rb6 Bxh4+ 54.Kd1 Bb5 55.Rxb7 Kf4 56.Rxb5 cxb5 57.Bc6  1/2-1/2

[Event "Caorle op"]
[Site "Caorle"]
[Date "1988.??.??"]
[Round "1"]
[White "Minarelli, Guido"]
[Black "Micalizzi, Giovanni"]
[Result "1-0"]
[WhiteElo "2190"]
[BlackElo "2075"]

1.d4 d5 2.Nf3 Nf6 3.e3 c6 4.c4 e6 5.Nc3 Nbd7 6.Bd3 dxc4 7.Bxc4 b5 8.Bd3 a6
9.e4 c5 10.d5 c4 11.Bc2 Nc5 12.Bg5 Be7 13.d6 h6 14.dxe7  1-0

[Event "ITA-ch48"]
[Site "Chianciano"]
[Date "1988.??.??"]
[Round "7"]
[White "Belotti, Bruno"]
[Black "Zichichi, Alvise"]
[Result "1-0"]
[WhiteElo "2340"]
[BlackElo "2350"]

1.d4 d5 2.Nf3 Nf6 3.c4 e6 4.Nc3 c6 5.e3 Nbd7 6.Bd3 dxc4 7.Bxc4 b5 8.Bd3 Bb7
9.O-O b4 10.Na4 c5 11.Nxc5 Bxc5 12.dxc5 Nxc5 13.Bb5+ Ke7 14.Bd2 Bxf3 15.gxf3 Qb6
16.Qe2 Rab8 17.Bc4 Rhc8 18.b3 Ne8 19.Rfc1 Nd6 20.Rc2 a5 21.Rac1 Nd7 22.e4 Rc6
23.Be3 Qb7 24.Bf4 Rbc8 25.Bd3 Rxc2 26.Rxc2 Rxc2 27.Qxc2 h6 28.Qb2 f6 29.a3 Nc5
30.Be2 e5 31.Be3 Ne6 32.axb4 axb4 33.Qa1 Nb5 34.Bc4 Nbd4 35.Bd5 Qc7 36.Kg2 Nc2
37.Qa6  1-0

[Event "ITA-ch48"]
[Site "Chianciano"]
[Date "1988.??.??"]
[Round "11"]
[White "Arlandi, Ennio"]
[Black "Braga, Fernando"]
[Result "1/2-1/2"]
[WhiteElo "2405"]
[BlackElo "2245"]

1.d4 d5 2.c4 c6 3.Nc3 Nf6 4.e3 e6 5.Nf3 Nbd7 6.Bd3 Bd6 7.e4 dxe4 8.Nxe4 Nxe4
9.Bxe4 c5 10.O-O Nf6 11.Bc2 h6 12.Ba4+ Ke7 13.Be3 Qc7 14.h3 Rd8 15.Qe2 b6
16.Rad1 Bb7 17.d5 Qc8 18.Bd2 Kf8 19.Bc3 exd5 20.Bxf6 gxf6 21.cxd5 Qf5 22.Bc2 Ba6
23.Qxa6 Qxc2 24.Rd2 Qf5 25.Rfd1 Rd7 26.b3 Re8 27.Re2 Rde7 28.Rxe7 Rxe7 29.Qc4 Qe4
30.Kf1 Qxc4+ 31.bxc4 Re4 32.Rc1 b5 33.cxb5 Rb4 34.g3 Rxb5 35.Nd2 c4 36.Rxc4 Rxd5
37.Ne4 f5 38.Nxd6 Rxd6 39.Ra4 a6 40.Ra5 Rf6 41.Ke2 Kg7 42.a4 Kg6 43.Rd5 Rc6
44.a5 f6 45.Kd3 Rc1 46.h4 h5 47.Kd4 Ra1 48.Ke3 Ra3+  1/2-1/2

[Event "Capablanca mem-A"]
[Site "Cienfuegos"]
[Date "1988.??.??"]
[Round "?"]
[White "Milos, Gilberto"]
[Black "Nogueiras, Jesus"]
[Result "1/2-1/2"]
[WhiteElo "2510"]
[BlackElo "2560"]

1.c4 e6 2.Nc3 d5 3.d4 c6 4.Nf3 Nf6 5.e3 Nbd7 6.Qc2 Bd6 7.Be2 dxc4 8.Bxc4 b5
9.Be2 Bb7 10.e4 e5 11.O-O O-O 12.dxe5 Nxe5 13.Nxe5 Bxe5 14.Be3 Qe7 15.Bf3 Rfe8
16.Rfe1 a6 17.Rad1 Rad8 18.Rxd8 Rxd8 19.h3 h6 20.Ne2 Qb4 21.Rb1 c5 22.Bxc5 Bxe4
23.Bxb4 Bxc2 24.Rc1 Be4 25.Bxe4 Nxe4 26.b3  1/2-1/2

[Event "Copenhagen op"]
[Site "Copenhagen"]
[Date "1988.??.??"]
[Round "?"]
[White "Sarosi, Zoltan"]
[Black "Sorensen, Bent"]
[Result "0-1"]
[WhiteElo "2315"]
[BlackElo "2320"]

1.d4 d5 2.Nf3 Nf6 3.c4 e6 4.Nc3 c6 5.e3 Nbd7 6.Bd3 Bd6 7.O-O O-O 8.e4 dxe4
9.Nxe4 Nxe4 10.Bxe4 c5 11.Bc2 Qc7 12.Qd3 f5 13.dxc5 Nxc5 14.Qe2 e5 15.b4 e4
16.bxc5 exf3 17.Qxf3 Bxh2+ 18.Kh1 Bd7 19.Be3 Be5 20.Rad1 Bc6 21.Qh3 g6 22.f4 Bf6
23.Rd6 Rad8 24.Rfd1 Be7 25.R6d2 Rxd2 26.Rxd2 Rd8 27.Qg3 Rxd2 28.Bxd2 Bxc5
29.Bxf5 Qd6 30.Be1 Qd4 31.Be6+ Kf8 32.Qh2 Qe4 33.Qh6+ Ke8 34.Bf7+ Kxf7 35.Qxh7+ Ke8  0-1

[Event "CUB-ch"]
[Site "?"]
[Date "1988.??.??"]
[Round "?"]
[White "Rodriguez, Amador"]
[Black "Alonso, Rene"]
[Result "1-0"]
[WhiteElo "2550"]
[BlackElo "2325"]

1.Nf3 d5 2.d4 Nf6 3.c4 c6 4.Nc3 e6 5.e3 Nbd7 6.Qc2 Bd6 7.Be2 O-O 8.O-O e5
9.cxd5 cxd5 10.Nb5 Bb8 11.dxe5 Nxe5 12.Bd2 Ne4 13.Be1 Qb6 14.Nxe5 Bxe5 15.Rd1 Bf5
16.Qb3 Be6 17.Nd4 Qxb3 18.axb3 Rfc8 19.f3 Nd6 20.Bc3 Bd7 21.Kf2 g6 22.Rd2 a6
23.Rfd1 Bg7 24.g4 b5 25.Bf1 Bf8 26.Ne2 Be6 27.Nf4 d4 28.Rxd4 Bxb3 29.Rxd6 Bxd1
30.Rxd1 b4 31.Bd4 Rc2+ 32.Kg3 Bg7 33.Bd3 Rcc8 34.Nd5 Rd8 35.Be4 Bxd4 36.exd4 Ra7
37.Nxb4 Rd6 38.Rd2 a5 39.Nc6 Rc7 40.d5 a4 41.Ne5  1-0

[Event "CUB-ch"]
[Site "?"]
[Date "1988.??.??"]
[Round "?"]
[White "Alvarez, Fidel"]
[Black "Lugo, Blas"]
[Result "1/2-1/2"]
[WhiteElo "2265"]
[BlackElo "2305"]

1.Nf3 d5 2.d4 Nf6 3.c4 c6 4.e3 e6 5.Nc3 Nbd7 6.Qc2 Bd6 7.Be2 O-O 8.O-O Qe7
9.e4 dxe4 10.Nxe4 Nxe4 11.Qxe4 e5 12.Bg5 Qe6 13.c5 Bc7 14.dxe5 Nxe5 15.Nd4 Qg6  1/2-1/2

[Event "DEN-chB"]
[Site "?"]
[Date "1988.??.??"]
[Round "3"]
[White "Clausen, Steen"]
[Black "Sorensen, Bent"]
[Result "0-1"]
[WhiteElo "2270"]
[BlackElo "2320"]

1.d4 d5 2.c4 e6 3.Nf3 c6 4.Nc3 Nf6 5.e3 Nbd7 6.Bd3 Bd6 7.O-O O-O 8.b3 e5
9.cxd5 cxd5 10.Nb5 Bb8 11.dxe5 Nxe5 12.Bb2 Nxf3+ 13.gxf3 Bh3 14.Kh1 Bxf1
15.Qxf1 a6 16.Nd4 Be5 17.Qh3 g6 18.Rg1 Nd7 19.Qh6 Qb6 20.f4 Bh8 21.Qg5 Nc5
22.Bb1 Ne6 23.Nxe6 Qxe6 24.f5 Qc6 25.Bxh8 Kxh8 26.fxg6 fxg6 27.Qe5+ Qf6 28.Qxd5 Rad8
29.Qxb7 Rd2 30.Be4 Qxf2 31.Bg2 Qxe3 32.Qxa6 Rff2 33.Qb7 Rxg2 34.Qxg2 Rxg2
35.Rxg2 Qe1+ 36.Rg1 Qe4+ 37.Rg2 Qb1+  0-1

[Event "Dieren op"]
[Site "Dieren"]
[Date "1988.??.??"]
[Round "3"]
[White "Vanheste, Jeroen"]
[Black "Van de Oudeweetering, Arthur"]
[Result "1-0"]
[WhiteElo "2390"]
[BlackElo "2325"]

1.d4 d5 2.c4 c6 3.Nf3 Nf6 4.Nc3 e6 5.e3 Nbd7 6.Bd3 dxc4 7.Bxc4 b5 8.Bd3 Bb7
9.e4 b4 10.Na4 c5 11.e5 Nd5 12.Nxc5 Bxc5 13.dxc5 Nxc5 14.Bb5+ Kf8 15.O-O h6
16.a3 Qb6 17.Bc4 g6 18.axb4 Qxb4 19.b3 Kg7 20.Bd2 Qb6 21.Ba5 Qc6 22.Nd4 Qe8
23.Qg4 Nd7 24.Rfe1 Qe7 25.h4 N5b6 26.Bd3 Rhd8 27.Bb4 Qe8 28.h5 g5 29.f4 Nd5
30.Bd2 Qh8 31.fxg5 Kf8 32.Nxe6+ fxe6 33.Rf1+ Ke7 34.Bb4+  1-0

[Event "Dieren op"]
[Site "Dieren"]
[Date "1988.??.??"]
[Round "6"]
[White "Thesing, Matthias"]
[Black "Voormans, Jan"]
[Result "1/2-1/2"]
[WhiteElo "2345"]
[BlackElo "2210"]

1.Nf3 d5 2.c4 c6 3.e3 Nf6 4.Nc3 e6 5.d4 Nbd7 6.Qc2 Bd6 7.Be2 O-O 8.O-O e5
9.cxd5 Nxd5 10.Nxd5 cxd5 11.dxe5 Nxe5 12.Qd1 Nxf3+ 13.Bxf3 Be6 14.Qd3 Qf6
15.Rd1 Rfd8 16.Qb3 b6 17.Bd2 Be5 18.Rab1 Rac8 19.Qa4 Rc4 20.Qxa7 Rh4 21.Bc3 d4
22.Rxd4 Bxh2+ 23.Kf1 Bb8 24.Qxb6 Rh1+ 25.Ke2 Bc4+ 26.Rxc4 Qxb6 27.Rxh1 Qa6
28.Rh4 g5 29.Rg4 Bf4 30.exf4 Qxc4+ 31.Ke1 Re8+ 32.Kd2 Rd8+ 33.Ke1 Re8+ 34.Kd2 Rd8+
35.Ke1  1/2-1/2

[Event "Dieren op"]
[Site "Dieren"]
[Date "1988.??.??"]
[Round "8"]
[White "Garcia Palermo, Carlos"]
[Black "Rogers, Ian"]
[Result "1-0"]
[WhiteElo "2455"]
[BlackElo "2535"]

1.d4 d5 2.c4 c6 3.Nc3 Nf6 4.e3 e6 5.Nf3 Nbd7 6.Qc2 Bb4 7.Bd3 O-O 8.O-O Re8
9.Ne5 dxc4 10.Bxc4 Nxe5 11.dxe5 Nd5 12.Ne4 Be7 13.b3 Nb4 14.Qb1 b5 15.Be2 Qb6
16.Bb2 c5 17.Nf6+ gxf6 18.exf6 Bf8 19.a3 Nd5 20.Qe4 c4 21.bxc4 bxc4 22.Be5 Ba6
23.Bd1 Bb7 24.Bc2 Nxf6 25.Qh4 Bg7 26.Bxf6 Bxf6 27.Qxf6 Qc6 28.Qg5+ Kh8 29.Qe5+ Kg8
30.f3 f5 31.Rad1 Rad8 32.Qg3+ Kh8 33.Qe5+ Kg8 34.e4 fxe4 35.Qg3+ Kh8 36.Qe5+ Kg8
37.Qg5+ Kh8 38.Qf6+ Kg8 39.Qg5+ Kh8 40.Rxd8 Qb6+ 41.Kh1 Qxd8 42.Qe5+ Kg8
43.Qg3+ Kh8 44.Qe5+ Kg8 45.fxe4 Rf8 46.Qxe6+ Kh8 47.Qe5+ Kg8 48.Qg3+  1-0

[Event "Dieren op"]
[Site "Dieren"]
[Date "1988.??.??"]
[Round "8"]
[White "Pliester, Leon"]
[Black "Van de Oudeweetering, Arthur"]
[Result "1-0"]
[WhiteElo "2385"]
[BlackElo "2325"]

1.d4 d5 2.c4 c6 3.Nc3 Nf6 4.Nf3 e6 5.e3 Nbd7 6.Qc2 Bd6 7.Be2 O-O 8.O-O dxc4
9.Bxc4 b5 10.Be2 Bb7 11.e4 e5 12.Bg5 h6 13.Bh4 exd4 14.Nxd4 Qc7 15.Bg3 Bxg3
16.hxg3 a6 17.Nf5 Qe5 18.Rad1 Rad8 19.Nd6 Ba8 20.b4 c5 21.f4 Qe6 22.bxc5 Nxc5
23.e5 Nfd7 24.a4 Nxe5 25.fxe5 Qxe5 26.Nxf7 Qe3+ 27.Kh2 Rc8 28.Nd6 Rf2 29.Rxf2 Qxf2
30.Bc4+  1-0

[Event "Dortmund-A"]
[Site "Dortmund"]
[Date "1988.??.??"]
[Round "?"]
[White "Olafsson, Helgi"]
[Black "Pinter, Jozsef"]
[Result "1/2-1/2"]
[WhiteElo "2510"]
[BlackElo "2570"]

1.d4 Nf6 2.Nf3 d5 3.c4 e6 4.Nc3 c6 5.e3 Nbd7 6.Bd3 dxc4 7.Bxc4 b5 8.Bd3 Bb7
9.O-O a6 10.a4 b4 11.Ne4 c5 12.Ned2 Be7 13.a5 O-O 14.Nc4 Qc7 15.h3 Be4 16.b3 Rfd8
17.Bb2 Qb7  1/2-1/2

[Event "DSV-Turnier"]
[Site "Dresden"]
[Date "1988.??.??"]
[Round "?"]
[White "Marin, Mihail"]
[Black "Lanc, Alois"]
[Result "0-1"]
[WhiteElo "2480"]
[BlackElo "2435"]

1.d4 Nf6 2.c4 e6 3.Nf3 d5 4.Nc3 c6 5.e3 Nbd7 6.Bd3 dxc4 7.Bxc4 b5 8.Bd3 Bb7
9.O-O b4 10.Ne4 Be7 11.Nxf6+ Nxf6 12.e4 c5 13.Bb5+ Kf8 14.e5 Nd5 15.dxc5 Bxc5
16.Ng5 h6 17.Qh5 g6 18.Nxe6+ fxe6 19.Qxg6 Qe7 20.Bxh6+ Rxh6 21.Qxh6+ Qg7
22.Qxg7+ Kxg7 23.Rac1 Bd4 24.Bc6 Rb8 25.Bxb7 Rxb7 26.Rc2 Rb6 27.Rd2 Bxe5
28.g3 Ra6 29.f4 Bd6 30.Kh1 Nf6 31.Re1 Kf7 32.b3 Rc6 33.Kg2 Bc7 34.Ree2 Rc3
35.Re1 Bb6 36.Kh3 Be3 37.Rde2 Nd5 38.Kh4 Rd3 39.Kg4 Nf6+ 40.Kh4 Nd5 41.Kg4 Kg6
42.Kf3 Bb6+ 43.Ke4 Rd4+ 44.Kf3 Rd3+ 45.Ke4 Rd4+ 46.Kf3 Nc7 47.Rc1 Kf7 48.Re4 Rd2
49.Rxb4 Nd5 50.Rbc4 Rf2+ 51.Ke4 Rxh2 52.R4c2 Rh3 53.Kf3 Ne3 54.Rc3 Nf5 55.Kg2 Rh7
56.Rd3 Kf6 57.Rc8 Ne3+ 58.Kf3 Nd5 59.Rd2 Rh1 60.Re2 Rd1 61.Kg2 Ne3+ 62.Kh3 Rh1+
63.Rh2 Rg1 64.Re2 Kf5 65.Re8 Rh1+ 66.Rh2 Rd1 67.Re2 Rd7 68.Kh2 Rg7 69.b4 Rg6
70.a4 Ke4 71.a5 Bd4 72.f5 Rh6+ 73.Kg1 Kf3 74.Rf2+ Kxg3 75.f6 Ng4 76.f7 Nxf2
77.Rg8+ Ng4+  0-1

[Event "DSV-Turnier"]
[Site "Dresden"]
[Date "1988.??.??"]
[Round "?"]
[White "Gruenberg, Hans Ulrich"]
[Black "Horvath, Csaba"]
[Result "1/2-1/2"]
[WhiteElo "2470"]
[BlackElo "2390"]

1.d4 d5 2.c4 c6 3.Nc3 Nf6 4.e3 e6 5.Nf3 Nbd7 6.Bd3 dxc4 7.Bxc4 b5 8.Bd3 Bb7
9.e4 b4 10.Na4 c5 11.e5 Nd5 12.Nxc5 Bxc5 13.dxc5 Nxc5 14.Bb5+ Kf8 15.O-O h5
16.Qe2 g6 17.Rd1  1/2-1/2

[Event "Edinburgh op"]
[Site "Edinburgh"]
[Date "1988.??.??"]
[Round "7"]
[White "Giulian, Philip M"]
[Black "Bryson, Douglas M"]
[Result "1-0"]
[WhiteElo "2270"]
[BlackElo "2295"]

1.d4 d5 2.c4 e6 3.Nf3 Nf6 4.Nc3 c6 5.e3 Nbd7 6.Bd3 dxc4 7.Bxc4 b5 8.Bd3 Bb7
9.e4 b4 10.Na4 c5 11.e5 Nd5 12.Nxc5 Nxc5 13.dxc5 Bxc5 14.O-O h6 15.Nd2 Nc3
16.Qc2 Qd5 17.Nf3 Rd8 18.Ne1 Bd4 19.Bd2 Nb5 20.Bxb4 Bxe5 21.Rd1 a6 22.Bxb5+ Qxb5
23.Rxd8+ Kxd8 24.Nd3 Qd5 25.f3 Bd4+ 26.Kh1 Qc6 27.Qd2 Ke8 28.Rc1 Qd5 29.Nf4 Qd7
30.Rd1 e5 31.Ne2 h5 32.Nxd4 Qxd4 33.Qc2 Qb6 34.Qf5 Qe6 35.Qd3 Qc8 36.Qd6  1-0

[Event "Edinburgh op"]
[Site "Edinburgh"]
[Date "1988.??.??"]
[Round "8"]
[White "Viatte, Robert"]
[Black "Bryson, Douglas M"]
[Result "1/2-1/2"]
[WhiteElo "2245"]
[BlackElo "2295"]

1.d4 d5 2.c4 e6 3.Nc3 c6 4.Nf3 Nf6 5.e3 Nbd7 6.Qc2 Bd6 7.Be2 O-O 8.O-O dxc4
9.Bxc4 e5 10.h3 b5 11.Bb3 Bb7 12.a3 Qb6 13.Ba2 c5 14.dxc5 Nxc5 15.Qf5 Rae8
16.Rd1 e4 17.b4 exf3 18.bxc5 Qxc5 19.Qxc5 Bxc5 20.Nxb5 fxg2 21.Bb2 Bf3 22.Rdc1 Ne4
23.Bd5 Bb6 24.Nd6 Ng5 25.Bxf3 Nxf3+ 26.Kxg2 Nh4+ 27.Kf1 Re6 28.Nc4 Bd8 29.Rd1 Bf6
30.Bxf6 Rxf6 31.Rab1 g5 32.Rb5 h6 33.Ra5 Rc8 34.Ne5 a6 35.Ng4 Re6 36.Rd4 Rc2
37.Rda4 Rb6 38.Rb4 Rd6 39.Rd4 Rb6 40.Rb4 Rd6 41.Rd4 Rb6  1/2-1/2

[Event "Eger op"]
[Site "Eger"]
[Date "1988.??.??"]
[Round "?"]
[White "Michaelsen, Nils"]
[Black "Feher, Gyula"]
[Result "0-1"]
[WhiteElo "2310"]
[BlackElo "2325"]

1.d4 d5 2.c4 e6 3.Nf3 Nf6 4.Nc3 c6 5.e3 Nbd7 6.Qc2 Bd6 7.b3 O-O 8.Be2 dxc4
9.bxc4 e5 10.O-O Re8 11.Bb2 e4 12.Nd2 Qe7 13.Rfe1 Nf8 14.f3 exf3 15.Bxf3 Ng4
16.Nf1 Qh4 17.g3 Qg5 18.Qd2 Qg6 19.c5 Bc7 20.e4 Ne6 21.Rad1 Rd8 22.Na4 b5
23.cxb6 axb6 24.Qb4 b5 25.Nc3 Bb6 26.Bxg4 Nxd4 27.Nd5 cxd5 28.Bxd4 Bxg4 29.Bxb6 Qxb6+
30.Qd4 Qxd4+ 31.Rxd4 dxe4 32.Rxd8+ Rxd8 33.Rxe4 Be6 34.a4 bxa4 35.Rxa4 h5
36.h4 Rb8 37.Rd4 Bh3 38.Nd2 Re8 39.Kf2 Bg4 40.Re4 Ra8 41.Rd4 Ra3 42.Ne4 f6
43.Rc4 Rf3+ 44.Kg2 Re3 45.Nc3 Rd3 46.Ne4 Be6 47.Rb4 Bd5 48.Kf2 Kh7 49.Ra4 Kg6
50.Rb4 Kf5 51.Nd6+ Ke6 52.Ne8 Rf3+ 53.Ke2 Rxg3 54.Nc7+ Kd6 55.Nxd5 Kxd5 56.Rb5+ Ke6
57.Rxh5 Rh3 58.Rh8 g5 59.h5 Kf7 60.Rh7+ Kg8 61.Rh6 Kg7 62.Rg6+ Kf7 63.Rh6 Ra3
64.Kf2 g4 65.Rg6 f5 66.Rb6 f4 67.Rb4 g3+ 68.Kg2 Ra2+ 69.Kg1 Rf2 70.Rb7+ Kf6
71.h6 Rh2 72.h7 f3 73.Rb6+ Kg7 74.Rb7+ Kh8  0-1

[Event "Esbjerg"]
[Site "Esbjerg"]
[Date "1988.??.??"]
[Round "?"]
[White "Hansen, Curt"]
[Black "Rasmussen, Karsten"]
[Result "1/2-1/2"]
[WhiteElo "2520"]
[BlackElo "2480"]

1.c4 c6 2.d4 d5 3.Nc3 e6 4.e3 Nf6 5.Nf3 Nbd7 6.Bd3 dxc4 7.Bxc4 b5 8.Bd3 Bb7
9.e4 b4 10.Na4 c5 11.e5 Nd5 12.O-O cxd4 13.Nxd4 Nxe5 14.Bb5+ Nd7 15.Re1 Rc8
16.Qh5 g6 17.Qh3 a6 18.Bg5 Be7 19.Bxe7 Qxe7 20.Nxe6 fxe6 21.Rxe6 axb5 22.Rxe7+ Kxe7
23.Re1+ Kd8 24.Qh4+ Kc7 25.Qg3+ Kd8 26.Qh4+ Kc7  1/2-1/2

[Event "Forli op"]
[Site "Forli"]
[Date "1988.??.??"]
[Round "?"]
[White "Semkov, Semko"]
[Black "Passerotti, Pierluigi"]
[Result "1-0"]
[WhiteElo "2470"]
[BlackElo "2350"]

1.d4 d5 2.c4 c6 3.Nc3 Nf6 4.e3 e6 5.Nf3 Nbd7 6.Bd3 dxc4 7.Bxc4 b5 8.Be2 Bb7
9.O-O Be7 10.e4 b4 11.e5 bxc3 12.exf6 Bxf6 13.bxc3 c5 14.dxc5 O-O 15.Be3 Rc8
16.Rb1 Bxf3 17.Bxf3 Nxc5 18.Rb5 Qxd1 19.Rxd1 Na4 20.Ra5 Nxc3 21.Rd7 Rb8 22.g3 Rb2
23.a4 Ra2 24.Rdxa7 h6 25.Ra8 Nd5 26.Bc5 Rxa8 27.Rxa8+ Kh7 28.a5 Ra1+ 29.Kg2 Rc1
30.Bb6 g6 31.Bxd5 exd5 32.a6 d4 33.a7 d3 34.Rf8 d2 35.Rxf7+ Kg8 36.Rxf6  1-0

[Event "Frunze"]
[Site "Frunze"]
[Date "1988.??.??"]
[Round "?"]
[White "Nenashev, Alexander"]
[Black "Serper, Grigory"]
[Result "1-0"]
[WhiteElo "2445"]
[BlackElo "2435"]

1.d4 d5 2.c4 c6 3.Nc3 Nf6 4.Nf3 e6 5.e3 Nbd7 6.Bd3 Be7 7.O-O O-O 8.b3 b6
9.Bb2 Bb7 10.Qe2 Qc7 11.Rad1 Rad8 12.Ne5 c5 13.f4 Ne4 14.Nb5 Qb8 15.Nxd7 Rxd7
16.Bxe4 dxe4 17.dxc5 Rfd8 18.cxb6 axb6 19.Rxd7 Rxd7 20.Rd1 Qd8 21.Rxd7 Qxd7
22.Bd4 Bc5 23.Bxc5 bxc5 24.Nc3 h6 25.h3 e5 26.fxe5 Qf5 27.Qg4 Qxe5 28.Na4 g5
29.Kf2 Qf6+ 30.Ke2 Qd6 31.Kf2 Qd2+ 32.Qe2 Qd6 33.Kg1 f5 34.Nc3 f4 35.Qd1 Qf8
36.exf4 Qxf4 37.Qd8+ Kf7 38.Qd7+ Kf8 39.Qd8+ Kf7 40.Qd7+ Kf8 41.Ne2 Qf7 42.Qd6+ Qe7
43.Qxh6+ Ke8 44.Qh8+ Kd7 45.Qb8 Kc6 46.Nc3 g4 47.Nd5  1-0

[Event "Frunze"]
[Site "Frunze"]
[Date "1988.??.??"]
[Round "?"]
[White "Chekhov, Valery A"]
[Black "Neverov, Valeriy"]
[Result "1-0"]
[WhiteElo "2480"]
[BlackElo "2440"]

1.Nf3 Nf6 2.c4 e6 3.Nc3 d5 4.d4 c6 5.e3 Nbd7 6.Bd3 dxc4 7.Bxc4 b5 8.Bd3 a6
9.e4 c5 10.e5 cxd4 11.Nxb5 Nxe5 12.Nxe5 axb5 13.Bxb5+ Bd7 14.Nxd7 Qa5+ 15.Bd2 Qxb5
16.Nxf8 Kxf8 17.a4 Qxb2 18.O-O h5 19.Bf4 h4 20.Be5 h3 21.Qf3 Rc8 22.a5 hxg2
23.Rfb1 Qc3 24.Qb7 Ng4 25.Bxd4 Qc4 26.a6 Kg8 27.a7 Kh7 28.Rb4 Qe2 29.Qxf7  1-0

[Event "Geneve-B"]
[Site "Geneve"]
[Date "1988.??.??"]
[Round "?"]
[White "Arlandi, Ennio"]
[Black "Kuczynski, Robert"]
[Result "0-1"]
[WhiteElo "2405"]
[BlackElo "2460"]

1.d4 d5 2.c4 c6 3.Nf3 Nf6 4.Nc3 e6 5.e3 Nbd7 6.Qc2 Bd6 7.b3 O-O 8.Be2 dxc4
9.bxc4 e5 10.O-O Re8 11.Bb2 Qe7 12.c5 Bc7 13.Bc4 h6 14.h3 e4 15.Nd2 Nf8 16.f3 exf3
17.Rxf3 Be6 18.Raf1 Bxc4 19.Nxc4 Rad8 20.Ba3 N8h7 21.Nd6 Ng5 22.Rxf6 gxf6
23.Nf5 Qe6 24.Nxh6+ Kh8 25.Ng4 Rg8 26.Bb2 Nxh3+ 27.gxh3 Qxe3+ 28.Rf2 Qxh3  0-1

[Event "Bundesliga 8788"]
[Site "Germany"]
[Date "1988.??.??"]
[Round "?"]
[White "Miles, Anthony J"]
[Black "Ribli, Zoltan"]
[Result "1/2-1/2"]
[WhiteElo "2540"]
[BlackElo "2620"]

1.d4 Nf6 2.Nf3 d5 3.c4 e6 4.Nc3 c6 5.e3 Nbd7 6.Qc2 Bd6 7.Be2 O-O 8.O-O dxc4
9.Bxc4 a6 10.a3 c5 11.dxc5  1/2-1/2

[Event "Bundesliga 8788"]
[Site "Germany"]
[Date "1988.??.??"]
[Round "?"]
[White "Muse, Mladen"]
[Black "Ostl, Andreas"]
[Result "1-0"]
[WhiteElo "2410"]
[BlackElo "2320"]

1.d4 Nf6 2.c4 c6 3.Nf3 d5 4.Nc3 e6 5.e3 Be7 6.Qc2 b6 7.Bd2 Bb7 8.Bd3 Nbd7
9.O-O O-O 10.cxd5 exd5 11.Ne5 g6 12.f4 Nxe5 13.fxe5 Nh5 14.Rf3 c5 15.Raf1 Ng7
16.Be1 Ne6 17.Qf2 cxd4 18.exd4 Nxd4 19.Rxf7 Bc5 20.Kh1 Ne6 21.Qf3 Nc7 22.Qh3 Rxf7
23.Rxf7 Kxf7 24.Qxh7+ Ke6 25.Qxg6+ Kxe5 26.Bg3+ Kd4 27.Qg4+  1-0

[Event "Bundesliga 8788"]
[Site "Germany"]
[Date "1988.??.??"]
[Round "?"]
[White "Smejkal, Jan"]
[Black "Franke, Heribert"]
[Result "1/2-1/2"]
[WhiteElo "2515"]
[BlackElo "2350"]

1.c4 c6 2.d4 d5 3.Nc3 Nf6 4.e3 e6 5.Nf3 Nbd7 6.Qc2 Bd6 7.Be2 O-O 8.O-O e5
9.cxd5 cxd5 10.Nb5 Bb8 11.dxe5 Nxe5 12.b3 Bg4 13.Nbd4 Qd6 14.Nxe5 Qxe5 15.g3 Rc8
16.Qd3 Bh3 17.Rd1 Ne4 18.Bb2 Qf6 19.Bf3 Bg4 20.Qe2 h5 21.Rf1 Qg6  1/2-1/2

[Event "Bundesliga 8788"]
[Site "Germany"]
[Date "1988.??.??"]
[Round "?"]
[White "Thesing, Matthias"]
[Black "Goehring, Karl Heinz"]
[Result "1/2-1/2"]
[WhiteElo "2355"]
[BlackElo "2355"]

1.d4 d5 2.c4 e6 3.Nc3 c6 4.e3 Nf6 5.Nf3 Nbd7 6.Bd3 dxc4 7.Bxc4 b5 8.Bd3 a6
9.e4 c5 10.e5 cxd4 11.Nxb5 Nxe5 12.Nxe5 axb5 13.Qf3 Bb4+ 14.Ke2 Rb8 15.Qg3 Qd6
16.Nf3 Qxg3 17.hxg3 Bd6 18.Bf4 Bxf4 19.gxf4 Ke7 20.Nxd4 Bd7 21.Rhc1 Rhc8
22.a3 Rxc1 23.Rxc1 b4 24.Nc6+ Bxc6 25.Rxc6 Nd5 26.g3 bxa3 27.bxa3 Rb2+ 28.Rc2 Rb3
29.a4 Nc3+ 30.Kd2 Nxa4 31.Rc7+ Kf6 32.Bxh7 Rb8  1/2-1/2

[Event "BL2-W8788"]
[Site "Germany"]
[Date "1988.??.??"]
[Round "?"]
[White "Jackelen, Thomas"]
[Black "Huelsmann, Josef"]
[Result "1/2-1/2"]
[WhiteElo "2315"]
[BlackElo "2220"]

1.Nf3 d5 2.c4 c6 3.d4 Nf6 4.Nc3 e6 5.e3 Nbd7 6.Bd3 Be7 7.O-O O-O 8.e4 dxe4
9.Nxe4 Nxe4 10.Bxe4 Bf6 11.Qc2 g6 12.Rd1 Qc7 13.Bh6 Re8 14.h4 e5 15.h5 Nf8
16.hxg6 hxg6 17.dxe5 Bxe5 18.Nxe5 Qxe5 19.Re1 Qh5 20.Bd2 Be6 21.b3 Nh7 22.Bc3 Ng5
23.Bb2 f5 24.Bd3 f4 25.f3 Kf7 26.Qd2 Qh4 27.Be5 Rad8 28.Qxf4+  1/2-1/2

[Event "BL2-SW8788"]
[Site "Germany"]
[Date "1988.??.??"]
[Round "?"]
[White "Roos, Thomas"]
[Black "Werner, Clemens"]
[Result "1/2-1/2"]
[WhiteElo "2235"]
[BlackElo "2255"]

1.d4 d5 2.c4 c6 3.Nf3 Nf6 4.Nc3 e6 5.e3 Bd6 6.Bd3 O-O 7.O-O Nbd7 8.e4 dxe4
9.Nxe4 Nxe4 10.Bxe4 f5 11.Bc2 e5 12.c5 Be7 13.Bb3+ Kh8 14.Nxe5 Nxe5 15.dxe5 Bxc5
16.Qc2 b6 17.Be3 Bxe3 18.fxe3 Qe8 19.Rf3 Be6 20.Qc3 Bxb3 21.axb3 Qe6 22.b4 Rf7
23.Rd1 Re7 24.Rd6 Qxe5 25.Rxc6 Qxc3 26.bxc3 g6 27.h4 Kg7 28.h5 Rae8 29.hxg6 hxg6
30.Kf2 Re6 31.Rc7+ R8e7 32.Rc8 Re8  1/2-1/2

[Event "BL2-S8788"]
[Site "Germany"]
[Date "1988.??.??"]
[Round "?"]
[White "Lumper, Thomas"]
[Black "Zollbrecht, Josef"]
[Result "1-0"]
[WhiteElo "2355"]
[BlackElo "2260"]

1.c4 c6 2.Nf3 d5 3.e3 Nf6 4.d4 e6 5.Nc3 Nbd7 6.Bd3 Be7 7.O-O O-O 8.e4 dxe4
9.Nxe4 Nxe4 10.Bxe4 c5 11.Qc2 Nf6 12.Rd1 Nxe4 13.Qxe4 cxd4 14.Nxd4 Qb6 15.Nb3 f5
16.Qc2 f4 17.Qe4 Qc7 18.Bd2 Bd7 19.Bxf4 Qxf4 20.Qxf4 Rxf4 21.Rxd7 Bf6 22.Rc1 Bxb2
23.Rc2 Ba3 24.Rxb7 a5 25.c5 a4 26.Nd2 Rd4 27.c6 Rc8 28.g3 Bd6 29.Nf3 Rd5
30.Rc4 a3 31.Nd4 Bc5 32.c7 Kf7 33.Nb5 Ke7 34.Rb8 Kd7 35.Kg2 g6 36.Rxc8 Kxc8
37.Ra4 Ba7 38.Nxa7+ Kxc7 39.Rxa3 Kb7 40.Kf3  1-0